000 00435nam a2200181Ia 4500
003 0100
008 130303s9999 xx 000 0 und d
040 _cARRUPELIB
050 _aBT202.P38
100 _aPaul VI, Pope
245 _aWho is Jesus?
260 _aBoston MA
260 _bDaughters of St. Paul
260 _C1972
300 _a183p
700 _acompiled by Daughters of St. Paul , Daughters of St. Paul
942 0 0 _01
999 _c32259
_d32259